| 000 | 01880nam0a2200361 i 4500 | ||
|---|---|---|---|
| 001 | RU\NLR\BIBL_A\010582561 | ||
| 005 | 20260409073805.0 | ||
| 010 |
_a9785767927883 _91000 |
||
| 021 |
_aRU _b2014-84759 _95152 |
||
| 035 | _a(NILC)RuMoRGB-007581309 | ||
| 035 | _a(NLR Aleph) 010582561 | ||
| 090 |
_a10467786 _c10467786 |
||
| 100 | _a20150113d2014 k y0rusy50 ca | ||
| 101 | 0 | _arus | |
| 102 | _aRU | ||
| 105 | _aa|||z|||001yy | ||
| 200 | 1 |
_aСовершенствование системы управления предприятиями на основе эффективных информационных технологий _fЛ.А. Васин, И.В. Бурцев, Е.Б. Чачина, Н.И. Коровкина _gпод ред. Л.А. Васина _gМ-во образования и науки Рос. Федерации, Федер. гос. бюджет. образоват. учреждение высш. проф. образования "Тул. гос. ун-т " |
|
| 210 |
_aТула _cИзд-во ТулГУ _d2014 |
||
| 215 |
_a165 с. _cил. _d20 |
||
| 320 | _aБиблиогр.: с. 134-143 (154 назв.) | ||
| 606 |
_aЭкономика _xИнформационные технологии _3RU\NLR\AUTH\661269945 _92099523 |
||
| 606 | 1 |
_aПредприятия _xУправление _xИнформационное обеспечение _92270576 _3RU\NLR\AUTH\661360923 |
|
| 686 | 1 | _aУ.в612 | |
| 686 | 1 | _aУ21(2)030.2 | |
| 701 | 1 |
_aВасин _bЛ. А. |
|
| 701 | 1 |
_aБурцев _bИ.В. _gИлья Викторович |
|
| 701 | 1 |
_aЧачина _bЕ. Б. _gЕлена Борисовна |
|
| 701 | 1 |
_aКоровкина _bН. И. _gНаталья Ивановна |
|
| 801 | 0 |
_aRU _bРГБ _c20141111 _gRCR |
|
| 942 | _cBOOK | ||
| 980 | _aNBR | ||